000 00704nam a22002417a 4500
003 UA-OsUOA
001 28925
007 ta
008 20050516b un ||||| |||| 00| 0 ukr d
090 _a343.3/.7:004
_bП73
942 _cBK
040 _aUA-OsUOA
_brus
_cUA-OsUOA
_dUA-OsUOA
245 _aПреступления в сфере компьютерной информации: квалификация и доказывание
_bУчеб. пособ.
_cРед. Ю. В.Гаврилин
300 _a245 с.
955 _a0
041 _arus
080 _a343.3/.7:004
020 _a5-8041-0135-8
260 _aМ.
_bЮИ МВД РФ
_c2003
044 _aRU
650 7 _2UDC
999 _c315301
_d315301